Cantarow and Trumper, Clinical biochemistry, with a chapter on Hormone assay and endocrine function / (Record no. 14442)
[ view plain ]
| 000 -LEADER | |
|---|---|
| fixed length control field | 01283cam a2200337 i 4500 |
| 001 - CONTROL NUMBER | |
| control field | 14442 |
| 003 - CONTROL NUMBER IDENTIFIER | |
| rucl marc code | BD-RjUL |
| 005 - DATE AND TIME OF LATEST TRANSACTION | |
| control field | 20211208235629.0 |
| 008 - FIXED-LENGTH DATA ELEMENTS--GENERAL INFORMATION | |
| fixed length control field | 140206s1975 paua b 001 0 eng |
| 020 ## - INTERNATIONAL STANDARD BOOK NUMBER | |
| International Standard Book Number | 0721656374 |
| 035 ## - SYSTEM CONTROL NUMBER | |
| System control number | (BD-RjUL)14494 |
| 040 ## - CATALOGING SOURCE | |
| Original cataloging agency | DLC |
| Transcribing agency | DLC |
| Modifying agency | DLC |
| -- | BD-RjUL |
| Language of cataloging | eng |
| 041 ## - LANGUAGE CODE | |
| Language code of text/sound track or separate title | eng |
| 060 ## - NATIONAL LIBRARY OF MEDICINE CALL NUMBER | |
| Classification number | QU4 C229b |
| 082 00 - DEWEY DECIMAL CLASSIFICATION NUMBER | |
| Classification number | 616.07 |
| Author mark and year | CAC 1975 |
| 100 1# - MAIN ENTRY--PERSONAL NAME | |
| Personal name | Cantarow, Abraham, |
| Dates associated with a name | 1901- |
| 9 (RLIN) | 36263 |
| 245 10 - TITLE STATEMENT | |
| Title | Cantarow and Trumper, Clinical biochemistry, with a chapter on Hormone assay and endocrine function / |
| Statement of responsibility, etc. | by Reginald Hall and Gordon M. Besser. |
| 250 ## - EDITION STATEMENT | |
| Edition statement | 7th ed. |
| 260 ## - PUBLICATION, DISTRIBUTION, ETC. (IMPRINT) | |
| Place of publication, distribution, etc. | Philadelphia : |
| Name of publisher, distributor, etc. | W. B. Saunders, |
| Date of publication, distribution, etc. | 1975. |
| 300 ## - PHYSICAL DESCRIPTION | |
| Pagination | xxxix, 918 p. : |
| Illustrations | ill. ; |
| Size | 26 cm. |
| 500 ## - GENERAL NOTE | |
| General note | First ed. by M. Trumper and A. Cantarow published in 1932 under title: Biochemistry in internal medicine; 2d-6th ed. by A. Cantarow and M. Trumper published under title: Clinical biochemistry. |
| General note | Includes bibliographies and index. |
| 650 #0 - SUBJECT ADDED ENTRY--TOPICAL TERM | |
| Topical term or geographic name as entry element | Clinical biochemistry. |
| 9 (RLIN) | 45037 |
| Topical term or geographic name as entry element | Biochemistry. |
| 9 (RLIN) | 45038 |
| Topical term or geographic name as entry element | Biochemistry. |
| 9 (RLIN) | 45039 |
| 700 1# - ADDED ENTRY--PERSONAL NAME | |
| Personal name | Latner, Albert L. |
| Personal name | Trumper, Max, |
| Dates associated with a name | 1892- |
| 942 ## - ADDED ENTRY ELEMENTS (KOHA) | |
| Source of classification or shelving scheme | Dewey Decimal Classification |
| Koha item type | Books |
| Lost status | Source of classification or shelving scheme | Damaged status | Not for loan | Collection code | Permanent Location | Current Location | Shelving location | Date acquired | Source of acquisition | Cost, normal purchase price | Total Checkouts | Full call number | Date last seen | Copy number | Koha item type |
|---|---|---|---|---|---|---|---|---|---|---|---|---|---|---|---|
| Dewey Decimal Classification | Not For Loan | Non-fiction | Central Library, University of Rajshahi | Central Library, University of Rajshahi | Reading Room | 14/08/1979 | Heffer | 23.25 | 616.07 CAC 1975 | 06/02/2014 | C-1 | Books |